000
00207 a2200097 4500
001
2881
100
_a
Gingrich, A
245
_a
The esquire treasury
260
_a
_b
William Heinemann
_c
090
_c
2174
_d
2174
942
_a
NUST-CAE
_c
_c
13047
999
_c
237954
_d
237954